UAE Commercial directory 2003-04.
| Format: | Book |
|---|---|
| Published: |
Dubai:
Federation of UAE Chambers of Commerce & Industry,
2003.
|
| Subjects: |
| LEADER | 00458cam a2200133 7i4500 | ||
|---|---|---|---|
| 001 | 0000012194 | ||
| 005 | 20030611090000.0 | ||
| 090 | 0 | 0 | |a UAE 338.7025 |b UNI |
| 245 | 0 | 0 | |a UAE Commercial directory 2003-04. |
| 260 | 0 | 0 | |a Dubai: |b Federation of UAE Chambers of Commerce & Industry, |c 2003. |
| 300 | # | # | |a 1202 p. |
| 650 | 0 | 0 | |a Business -- |x Directories -- |z United Arab Emirates |
| 651 | 0 | 0 | |a United Arab Emirates |
| 999 | |a 0000014747 |b Directories |c Countries |e Business Information Centre | ||